Every EFL League One Goalscorer (2024/25) - Statistics

General Stats
  • This quiz has been taken 39 times
  • The average score is 70 of 387
Answer Stats
Player % Correct
Jay Stansfield
76%
James Collins
67%
Aaron Collins
62%
Archie Collins
62%
Davis Keillor-Dunn
62%
Steven Fletcher
62%
Adam Phillips
57%
Alfie May
57%
Ashley Fletcher
57%
Caleb Taylor
57%
Chris Conn-Clarke
57%
Connor Taylor
57%
Dale Taylor
57%
Joe Taylor
57%
Jonson Clarke-Harris
57%
Matt Smith
57%
Sam Smith
57%
Terry Taylor
57%
Jonny Smith
52%
Korey Smith
52%
Lloyd Jones
52%
Paul Mullin
52%
Ricky-Jade Jones
52%
Aaron Lewis
48%
Ben Davies
48%
Dion Charles
48%
Jonathan Lewis
48%
Jon Russell
48%
Jordan Roberts
48%
Karoy Anderson
48%
Keshi Anderson
48%
Marc Roberts
48%
Max Anderson
48%
Sam Hoskins
48%
Tyler Roberts
48%
Antony Evans
43%
Chris Martin
43%
CJ Hamilton
43%
Fábio Jaló
43%
Krystian Bielik
43%
Lee Evans
43%
Niall Ennis
43%
Will Evans
43%
Charlie Kelman
38%
Dylan Williams
38%
Randell Williams
38%
Reece Cole
38%
Richard Kone
38%
Tom Bayliss
38%
Tom Bloxham
38%
Alex Cochrane
33%
Christoph Klarer
33%
Donovan Pines
33%
Elliot Lee
33%
Erik Ring
33%
Jake Beesley
33%
John Marquis
33%
Jordan Brown
33%
Josh Sheehan
33%
Kieran Dowell
33%
Kwame Poku
33%
Lewis Montsma
33%
Luke Harris
33%
Paik Seung-ho
33%
Rob Apter
33%
Sonny Carey
33%
Thelo Aasgaard
33%
Tomoki Iwata
33%
Willum Þór Willumsson
33%
Adam Jackson
29%
Charlie Savage
29%
Elias Kachunga
29%
Elliot Watt
29%
Ethan Laird
29%
James Wilson
29%
Jeremy Kelly
29%
Josh Earl
29%
Josh Koroma
29%
Kelechi Nwakali
29%
Kyle Wootton
29%
Lewis Wing
29%
Liam Kelly
29%
Luke Thomas
29%
Matty James
29%
Oliver Casey
29%
Oliver Norwood
29%
Reece James
29%
Reeco Hackett
29%
Ruel Sotiriou
29%
Rushian Hepburn-Murphy
29%
Sam Cosgrove
29%
Stephen Humphrys
29%
Tom Eaves
29%
Tom James
29%
Aaron Morley
24%
Albie Morgan
24%
Andre Green
24%
Ben House
24%
Cameron Humphreys
24%
David Kasumu
24%
Emil Hansson
24%
Freddie Draper
24%
Grant Ward
24%
Hector Kyprianou
24%
Jamie Reid
24%
Jay Rodriguez
24%
Joe Low
24%
John McAtee
24%
Jovon Makama
24%
Kamari Doyle
24%
Lee Buchanan
24%
Liam Bennett
24%
Louie Barry
24%
Lyndon Dykes
24%
Mason Bennett
24%
Matt Godden
24%
Oliver Rathbone
24%
Paudie O'Connor
24%
Rarmani Edmonds-Green
24%
Ryan Loft
24%
Sam Clucas
24%
Samuel Silvera
24%
Scott Wright
24%
Sean Roughan
24%
Tendayi Darikwa
24%
Aden Flint
19%
Bailey Cadamarteri
19%
Ben Wiles
19%
Bojan Radulović
19%
Callum Marshall
19%
Cameron McGeehan
19%
Charlie Webster
19%
Chem Campbell
19%
Dan Nlundulu
19%
Dom Ballard
19%
Dom Jefferies
19%
Elliott List
19%
Eoin Toal
19%
Fred Onyedinma
19%
Herbie Kane
19%
Jack Marriott
19%
Jack Moylan
19%
James Husband
19%
James McClean
19%
Jayden Wareham
19%
Joe Gardner
19%
Josh Stokes
19%
Junior Quitirna
19%
Klaidi Lolos
19%
Liam Shaw
19%
Luca Connell
19%
Lucas Akins
19%
Mamadi Camará
19%
Matty Pearson
19%
Max Watters
19%
Michał Helik
19%
Mitch Pinnock
19%
Nesta Guinness-Walker
19%
Panutche Camará
19%
Paul Digby
19%
Ruben Roosken
19%
Rumarn Burrell
19%
Sam Hughes
19%
Scott Sinclair
19%
Shayne Lavery
19%
Taylor Gardner-Hickman
19%
Taylor Moore
19%
Tom Hamer
19%
Tyreece Campbell
19%
Will Swan
19%
Alex Murphy
14%
Amadou Mbengue
14%
Brodie Spencer
14%
Caleb Watts
14%
Chris Forino-Joseph
14%
Danilo Orsi
14%
Danny Andrew
14%
Dara Costelloe
14%
Garath McCleary
14%
George Dobson
14%
George Lloyd
14%
George Thomason
14%
Harvey Knibbs
14%
Isaac Olaofe
14%
James Brophy
14%
Jamie Donley
14%
Joe Hugill
14%
Jonathan Hogg
14%
Jordan Hugill
14%
Jordan Rhodes
14%
Jordan Shipley
14%
Josh Magennis
14%
Josh Onomah
14%
Kelvin Ehibhatiomhan
14%
Lukas Jutkiewicz
14%
Luke Robinson
14%
Mal Benning
14%
Max Cleworth
14%
Michael Morrison
14%
Odin Bailey
14%
Ollie O'Neill
14%
Ollie Palmer
14%
Ollie Turton
14%
Rhys Healey
14%
Ricardo Santos
14%
Sam Nombe
14%
Shaq Forde
14%
Sil Swinkels
14%
Taylor Perry
14%
Thierry Small
14%
Victor Adeboyejo
14%
Aaron McGowan
10%
Aaron Pierre
10%
Ade Adeyemo
10%
Alex Mitchell
10%
Alfons Sampsted
10%
Ben Elliott
10%
Benoný Breki Andrésson
10%
Ben Waine
10%
Beryly Lubala
10%
Bradley Ibrahim
10%
Brandon Njoku
10%
Bryant Bilongo
10%
Callum Camps
10%
Callum Connolly
10%
Caylan Vickers
10%
Charlie Barker
10%
Daniel Kanu
10%
Daniel Udoh
10%
Dan Kemp
10%
Dan Sweeney
10%
Demetri Mitchell
10%
Emmanuel Fernandez
10%
Emmanuel Longelo
10%
Ethan Pye
10%
Fraser Horsfall
10%
Gatlin O'Donkor
10%
Gavan Holohan
10%
Georgie Gent
10%
Gideon Kodua
10%
Harry Forster
10%
Harvey White
10%
Ilmari Niskanen
10%
Isaac Hutchinson
10%
Jack Cooper Love
10%
Jack Diamond
10%
James Carragher
10%
James Gibbons
10%
Jamie Lindsay
10%
Jayden Fevrier
10%
Jayden Sweeney
10%
JJ McKiernan
10%
Joe Hodge
10%
Jón Daði Böðvarsson
10%
Jon Guthrie
10%
Jordan Cousins
10%
Josh Benson
10%
Josh Dacres-Cogley
10%
Josh Edwards
10%
Keanu Baccus
10%
Kyle Dempsey
10%
Kyle Joseph
10%
Louis Thompson
10%
Luke Berry
10%
Luke Leahy
10%
Luke McCormick
10%
Macauley Southam-Hales
10%
Malik Mothersille
10%
Mallik Wilks
10%
Matthew Craig
10%
Michael Craig
10%
Millenic Alli
10%
Nigel Lonwijk
10%
Odeluga Offiah
10%
Promise Omochere
10%
Romaine Sawyers
10%
Ronan Darcy
10%
Ryan de Havilland
10%
Ryan Finnigan
10%
Ryan Sweeney
10%
Ryan Woods
10%
Sean Clare
10%
Sullay Kaikai
10%
Szabolcs Schön
10%
Tariqe Fosu
10%
Tola Showunmi
10%
Udoka Godwin-Malife
10%
Vadaine Oliver
10%
Abraham Odoh
5%
Alex Gilbert
5%
Alex Hartridge
5%
Alex MacDonald
5%
Amani Richards
5%
Andy Cannon
5%
Angus MacDonald
5%
Aristote Nsiala
5%
Billy Bodin
5%
Brad Hills
5%
Callum Morton
5%
Calum Macdonald
5%
Carl Winchester
5%
Cian Hayes
5%
Conor Coventry
5%
Daniel Harvie
5%
Eli King
5%
Ethan Galbraith
5%
Fábio Tavares
5%
Jack Baldwin
5%
Jake Richards
5%
Jay Matete
5%
Jordi Osei-Tutu
5%
Josh Feeney
5%
Kieran Sadlier
5%
Lee Gregory
5%
Leo Castledine
5%
Lewis Bate
5%
Liam McCarron
5%
Louie Sibley
5%
Luca Hoole
5%
Macaulay Gillesphey
5%
Miles Leaburn
5%
Morgan Feeney
5%
Omar Beckles
5%
Pelly-Ruddock Mpanzu
5%
Ryan Barnett
5%
Ryan Longman
5%
Sam Vokes
5%
Sean Raggett
5%
Sonny Bradley
5%
Sonny Cox
5%
Stephen Quinn
5%
Tayo Edun
5%
Tomas Kalinauskas
5%
Tyler Bindon
5%
Vincent Harper
5%
Will Collar
5%
Zak Jules
5%
Andrew Oluwabori
0%
Azeem Abdulai
0%
Babajide Adeeko
0%
Baily Cargill
0%
Ben Whitfield
0%
Brandon Hanlan
0%
Callum McManaman
0%
Carl Piergianni
0%
Chris Sze
0%
Chuks Aneke
0%
Dan Agyei
0%
Dan Happe
0%
Danny Hylton
0%
Deji Oshilaja
0%
Diallang Jaiyesimi
0%
Dilan Markanday
0%
Dion Rankine
0%
Dom Dwyer
0%
Donay O'Brien-Brady
0%
Edward Francis
0%
Gassan Ahadme
0%
George Maris
0%
Greg Docherty
0%
Gustav Lindgren
0%
Hakeem Odoffin
0%
Hiram Boateng
0%
Jack Fitzwater
0%
Jack McMillan
0%
Jake Young
0%
James Dornelly
0%
Jason Kerr
0%
Joel Randall
0%
Joe Powell
0%
Joe Rafferty
0%
Jon Mellish
0%
Jordan Bowery
0%
Julian Larsson
0%
Kayne Ramsay
0%
Kegs Chauke
0%
Luke Chambers
0%
Mahamadou Susoho
0%
Maleace Asamoah
0%
Owen Dale
0%
Owen Dodgson
0%
Ryan Trevitt
0%
Sonny Perkins
0%
Stephen McLaughlin
0%
Terence Vancooten
0%
Tristan Crama
0%
No matching quizzes found
Score Distribution
Percent of People with Each Score
Percentile by Number Answered
Your Score History
You have not taken this quiz